Moderne Länder des Römischen Reiches auf einer Karte - Statistiken

Allgemein
  • Dieses Quiz wurde 369 mal gespielt
  • Das Durchschnittsergebnis liegt bei 47 aus 50
Antworten auf der Karte
Die Antworten werden auf der Karte rot bzw. grün angezeigt, abhängig davon wie oft sie richtig erraten wurden.
 
Antwortstatistiken
Country % Korrekt
Deutschland
100%
Frankreich
100%
Italien
100%
Spanien
100%
Ägypten
99%
Belgien
99%
Griechenland
99%
Kroatien
99%
Luxemburg
99%
Niederlande
99%
Österreich
99%
Portugal
99%
Schweiz
99%
Türkei
99%
Vereinigtes Königreich
99%
Bulgarien
98%
Slowenien
98%
Albanien
97%
Israel
97%
Marokko
97%
Serbien
97%
Slowakei
97%
Ungarn
97%
Algerien
96%
Bosnien und Herzegowina
96%
Montenegro
95%
Nordmazedonien
95%
Tunesien
95%
Vatikan
95%
Irak
94%
Kosovo
94%
Liechtenstein
94%
Malta
94%
San Marino
94%
Zypern
94%
Andorra
93%
Monaco
93%
Rumänien
93%
Syrien
93%
Iran
92%
Libyen
91%
Russland
91%
Saudi Arabien
91%
Ukraine
91%
Georgien
87%
Jordanien
87%
Libanon
87%
Aserbaidschan
86%
Armenien
85%
Kuwait
73%
Keine übereinstimmenden Quizze gefunden
Verteilung der Resultate
Anzahl Personen mit jedem Resultat
Perzentil nach korrekt beantworteten Fragen
Ihre Resultats-Entwicklung
Sie haben dieses Quiz noch nicht gespielt